Pliegos sueltos sobre el emperador Carlos Quinto (Record no. 176820)

MARC details
000 -LEADER
campo de control de longitud fija 00951nam a22002295i 4500
001 - NÚMERO DE CONTROL
campo de control 176820
003 - IDENTIFICADOR DE NÚMERO DE CONTROL
campo de control ES-MaACL
005 - FECHA Y HORA DE LA ÚLTIMA TRANSACCIÓN
campo de control 20251009181748.0
008 - DATOS DE LONGITUD FIJA--INFORMACIÓN GENERAL
campo de control de longitud fija 110211s1958 sp |||| | spa d
080 ## - NÚMERO DE LA CLASIFICACIÓN DECIMAL UNIVERSAL
Número de la Clasificación Decimal Universal 929 Carlos V
245 00 - MENCIÓN DEL TÍTULO
Título Pliegos sueltos sobre el emperador Carlos Quinto
Resto del título : (relaciones en verso) ; [prólogo de Ramón Carande ; noticia preliminar por Antonio Pérez Gómez].
260 ## - PUBLICACIÓN, DISTRIBUCIÓN, ETC.
Lugar de publicación, distribución, etc. Valencia :
Nombre del editor, distribuidor, etc. La fonte que mana y corre,
Fecha de publicación, distribución, etc. 1958.
300 ## - DESCRIPCIÓN FÍSICA
Extensión 2 v. ;
Dimensiones 18 cm.
490 1# - MENCIÓN DE SERIE
Mención de serie Duque y marqués : opúsculos literarios rarísimos ;
Designación de volumen o secuencia 12-13
500 ## - NOTA GENERAL
Nota general Facsímil de la port. de cada pliego.
600 04 - PUNTO DE ACCESO ADICIONAL DE MATERIA--NOMBRE DE PERSONA
Nombre de persona Carlos
Numeración I,
Títulos y otros términos asociados al nombre Rey de España-
Subdivisión general Biografías
9 (RLIN) 35297
700 0# - ENTRADA AGREGADA--NOMBRE PERSONAL
Nombre de persona Carande, Ramón.
9 (RLIN) 34952
700 0# - ENTRADA AGREGADA--NOMBRE PERSONAL
Nombre de persona Pérez y Gómez, Antonio,
Fechas asociadas al nombre 1902-1976
9 (RLIN) 91216
830 0# - PUNTO DE ACCESO ADICIONAL DE SERIE-TÍTULO UNIFORME
Título uniforme Duque y marqués : opúsculos literarios rarísimos ;
Designación de volumen o secuencia 12-13
9 (RLIN) 190262
852 ## - LOCALIZACIÓN
Ubicación ES-MaACL
Número de control de estantería E-14299-300
Encuadernación Olim P-292
Holdings
Estatus retirado Estado de pérdida Estado de daño No para préstamo Biblioteca de origen Biblioteca actual Ubicación en estantería Fecha de adquisición Fuente de adquisición Total de préstamos Signatura topográfica completa Código de barras Visto por última vez Precio de reemplazo Tipo de ítem Koha
        Biblioteca del Ateneo de Madrid Biblioteca del Ateneo de Madrid Depósito 2 11/02/2011     E-14299-300 1185712 23/02/2023 23/02/2023 Libro impreso